<?xml version="1.0" encoding="UTF-8"?>
<collection xmlns="http://www.loc.gov/MARC21/slim">
<record>
  <controlfield tag="001">121311</controlfield>
  <controlfield tag="005">20230526092856.0</controlfield>
  <datafield tag="024" ind1="8" ind2=" ">
    <subfield code="2">sideral</subfield>
    <subfield code="a">131934</subfield>
  </datafield>
  <datafield tag="037" ind1=" " ind2=" ">
    <subfield code="a">ART-2021-131934</subfield>
  </datafield>
  <datafield tag="041" ind1=" " ind2=" ">
    <subfield code="a">eng</subfield>
  </datafield>
  <datafield tag="100" ind1=" " ind2=" ">
    <subfield code="a">Gracia, Jorge</subfield>
    <subfield code="u">Universidad de Zaragoza</subfield>
    <subfield code="0">(orcid)0000-0001-6452-7627</subfield>
  </datafield>
  <datafield tag="245" ind1=" " ind2=" ">
    <subfield code="a">Results of the Translation Inference Across Dictionaries 2021 Shared Task</subfield>
  </datafield>
  <datafield tag="260" ind1=" " ind2=" ">
    <subfield code="c">2021</subfield>
  </datafield>
  <datafield tag="506" ind1="0" ind2=" ">
    <subfield code="a">Access copy available to the general public</subfield>
    <subfield code="f">Unrestricted</subfield>
  </datafield>
  <datafield tag="520" ind1="3" ind2=" ">
    <subfield code="a">The objective of the Translation Inference Across Dictionaries (TIAD) shared task is to explore and compare methods and techniques that infer translations indirectly between language pairs, based on other bilingual/multilingual lexicographic resources. In this forth edition the participating systems were asked to generate new translations automatically among three languages - English, French, Portuguese - based on known indirect translations contained in the Apertium RDF graph. Such evaluation pairs have been the same during the three last TIAD editions. The main novelty this time has been the use of a larger graph as a basis to produce the translations, which is the Apertium RDF v2, and the introduction of improved evaluation metrics. The evaluation of the results was carried out by the organisers against manually compiled language pairs of K Dictionaries. For the first time in the TIAD series, some systems beat the proposed baselines. This paper gives an overall description of the shard task, the evaluation data and methodology, and the systems’ results.</subfield>
  </datafield>
  <datafield tag="536" ind1=" " ind2=" ">
    <subfield code="9">info:eu-repo/grantAgreement/ES/AEI/PID2020-113903RB-I00</subfield>
    <subfield code="9">info:eu-repo/grantAgreement/EC/H2020/731015/EU/European Lexicographic Infrastructure/ELEXIS</subfield>
    <subfield code="9">This project has received funding from the European Union’s Horizon 2020 research and innovation program under grant agreement No H2020 731015-ELEXIS</subfield>
    <subfield code="9">info:eu-repo/grantAgreement/EC/H2020/825182/EU/Ready-to-use Multilingual Linked Language Data for Knowledge Services across Sectors/Pret-a-LLOD</subfield>
    <subfield code="9">This project has received funding from the European Union’s Horizon 2020 research and innovation program under grant agreement No H2020 825182-Pret-a-LLOD</subfield>
    <subfield code="9">info:eu-repo/grantAgreement/ES/MINECO/RYC2019-028112-I</subfield>
  </datafield>
  <datafield tag="540" ind1=" " ind2=" ">
    <subfield code="9">info:eu-repo/semantics/openAccess</subfield>
    <subfield code="a">by</subfield>
    <subfield code="u">http://creativecommons.org/licenses/by/3.0/es/</subfield>
  </datafield>
  <datafield tag="655" ind1=" " ind2="4">
    <subfield code="a">info:eu-repo/semantics/article</subfield>
    <subfield code="v">info:eu-repo/semantics/publishedVersion</subfield>
  </datafield>
  <datafield tag="700" ind1=" " ind2=" ">
    <subfield code="a">Kabashi, Besim</subfield>
  </datafield>
  <datafield tag="700" ind1=" " ind2=" ">
    <subfield code="a">Kernerman, IIan</subfield>
  </datafield>
  <datafield tag="710" ind1="2" ind2=" ">
    <subfield code="1">5007</subfield>
    <subfield code="2">570</subfield>
    <subfield code="a">Universidad de Zaragoza</subfield>
    <subfield code="b">Dpto. Informát.Ingenie.Sistms.</subfield>
    <subfield code="c">Área Lenguajes y Sistemas Inf.</subfield>
  </datafield>
  <datafield tag="773" ind1=" " ind2=" ">
    <subfield code="g">3064 (2021), 208-220</subfield>
    <subfield code="p">CEUR workshop proc.</subfield>
    <subfield code="t">CEUR Workshop Proceedings</subfield>
    <subfield code="x">1613-0073</subfield>
  </datafield>
  <datafield tag="856" ind1="4" ind2=" ">
    <subfield code="s">866827</subfield>
    <subfield code="u">http://zaguan.unizar.es/record/121311/files/texto_completo.pdf</subfield>
    <subfield code="y">Versión publicada</subfield>
  </datafield>
  <datafield tag="856" ind1="4" ind2=" ">
    <subfield code="s">1341527</subfield>
    <subfield code="u">http://zaguan.unizar.es/record/121311/files/texto_completo.jpg?subformat=icon</subfield>
    <subfield code="x">icon</subfield>
    <subfield code="y">Versión publicada</subfield>
  </datafield>
  <datafield tag="856" ind1="4" ind2="1">
    <subfield code="u">https://www.ceur-ws.org/Vol-3064/tiad4.pdf</subfield>
    <subfield code="z">Texto completo de la revista</subfield>
  </datafield>
  <datafield tag="909" ind1="C" ind2="O">
    <subfield code="o">oai:zaguan.unizar.es:121311</subfield>
    <subfield code="p">articulos</subfield>
    <subfield code="p">driver</subfield>
  </datafield>
  <datafield tag="951" ind1=" " ind2=" ">
    <subfield code="a">2023-05-26-08:14:01</subfield>
  </datafield>
  <datafield tag="980" ind1=" " ind2=" ">
    <subfield code="a">ARTICLE</subfield>
  </datafield>
</record>
</collection>